Statistics for Taken - One Direction (All Lyrics)

Click here to take the quiz!

General Stats

  • This quiz has been taken 61 times
  • The average score is 277 of 309

Answer Stats

Answer% Correct
can
100%
do
100%
I
100%
I’m
100%
me
100%
No,
100%
on
100%
only
100%
taken
100%
want
100%
when
100%
You
100%
you,
100%
you
100%
a
98%
can’t
98%
don’t
98%
have
98%
my
98%
To
98%
to
98%
who
98%
Who
98%
hear
95%
heart
95%
just
95%
that
95%
with
95%
are?
93%
are
93%
be
93%
else
93%
know
93%
love
93%
Now
93%
somebody
93%
think
93%
am?
91%
see
91%
suddenly
91%
the
91%
breaking
89%
‘cause
89%
one
89%
tell
89%
your
89%
like
86%
really
86%
say
86%
finally
84%
all
82%
it
80%
missed
80%
moved
80%
along
77%
you’re
77%
You’re
77%
for
75%
But
73%
doorstep
73%
get
73%
is
73%
what
73%
Girl
70%
slept
70%
And
68%
best
68%
gets
68%
chance
66%
head
66%
need
66%
not
66%
Still
66%
that’s
66%
beautiful
61%
Begging
61%
impossible
61%
messing
61%
mistake
59%
resist
59%
thank
59%
Thank
59%
yes
59%
showing
57%
this
57%
won’t
57%
Another
55%
awake
55%
make
55%
underneath
55%
It’s
52%
there’s
52%
about
50%
jealous
50%
doing
48%
nothing
48%
anymore
45%
bet
45%
heartless
43%
misery
43%
wouldn’t
43%
Saying
41%
hate
34%

Score Distribution

Percentile by Number Answered

Percent of People with Each Score

Your Score History

You have not taken this quiz